000 00584ntaaa2200193 4500
003 01
005 20251027203057.0
008 0714s1973 ag 01
020 _a9505142757
040 _aAR-BaBN
_bspa
_cAR-BaBN
_eaacr
_dRIC
100 _aEquipo Inspectorial de Formacion Docente
_932089
245 _aEl hombre y la educación hoy
250 _a1 ed.
260 _aBuenos Aires :
_bEd. Don Bosco Arg,
_c1995
300 _a375 p ;
_cTablas y cuadros conceptuales ; 21,5 cm
500 _aContiene Bibligrafias
700 _aEDBA. Ediciones Don Bosco Argentina,
_932090
942 _cBK
999 _c26178
_d26178